|
003 -Nazwa inst., której nr kontr. jest w polu 001 [,]
|
-
- @
- Nazwa instytucji, której n kontrolny jest w polu 001
- NUKAT
|
|
005 -DATA I CZAS OSTATNIEJ MODYFIKACJI [,]
|
-
- @
- pole kontrolne
- 20241231101000.0
|
|
020 -Międzynarod. znormalizowany nr książki - ISBN [ , ]
|
-
- a
- Numer ISBN
- 8301137088
|
|
040 -Instytucja sporządzająca opis [ , ]
|
-
- a
- Instytucja, która sporządziła opis (NP)
- KR 197/JMK
-
- c
- Instytucja, która sporządziła rekord (NP)
- KR 197/JMK
-
- d
- Instytucja, która zmodyfikowała rekord (P)
- KR 197/RA
-
- d
- Instytucja, która zmodyfikowała rekord (P)
- KR 197/MPs
-
- d
- Instytucja, która zmodyfikowała rekord (P)
- KR U/42UN
-
- d
- Instytucja, która zmodyfikowała rekord (P)
- KR U/42KJs
-
- d
- Instytucja, która zmodyfikowała rekord (P)
- KAT 001/ASU
|
|
041 -Język dokumentu [0, ]
|
-
- a
- Język tekstu (P)
- polski
-
- a
- Język tekstu (P)
- angielski
|
|
942 -Rodzaj dokumentu [ , ]
|
-
- c
- Rodzaj dokumentu
- Książka
|
|
245 -Strefa tytułu i oznaczenia odpowiedzialności [0,0]
|
-
- a
- Tytuł
- Wielki słownik angielsko-polski =
-
- b
- Ciąg dalszy tytułu (NP)
- English-Polish dictionary /
-
- c
- Pozostałe elementy strefy tytułu i oznaczenia odpowiedzialności (NP)
- red. nacz. Jadwiga Linde-Usiekniewicz ; red. nauk. Barbara Lewandowska-Tomaszczyk, okresowo Jacek Fisiak, Tadeusz Piotrowski ; aut. haseł Paweł Beręsewicz [et al.] ; tł. Bożena Anioł [et al.].
|
|
246 -Wariant tytułu [3,1]
|
-
- a
- Tytuł (NP)
- English-Polish dictionary PWN-Oxford
|
|
246 -Wariant tytułu [1,3]
|
-
- a
- Tytuł (NP)
- Wielki słownik angielsko-polski PWN-Oxford
|
|
246 -Wariant tytułu [1,8]
|
-
-
- b
- Ciąg dalszy tytułu (NP)
- wielki słownik angielsko-polski PWN-Oxford
|
|
250 -Strefa wydania [ , ]
|
-
- a
- Oznaczenie wydania (NP)
- Wyd. 1, 4. dodr.
|
|
260 -Strefa adresu wydawniczego [ , ]
|
-
- a
- Miejsce wydania (P)
- Warszawa :
-
- b
- Nazwa wydawcy (P)
- Wydaw. Naukowe PWN,
-
|
|
700 -Hasło dodatkowe - nazwa osobowa [1, ]
|
-
- a
- Nazwa osobowa (NP)
- Linde-Usiekniewicz, Jadwiga.
-
- e
- Określenie rodzaju współpracy
- Red.
-
|
|
700 -Hasło dodatkowe - nazwa osobowa [1, ]
|
-
- a
- Nazwa osobowa (NP)
- Lewandowska-Tomaszczyk, Barbara.
-
- e
- Określenie rodzaju współpracy
- Red.
-
|
|
700 -Hasło dodatkowe - nazwa osobowa [1, ]
|
-
- a
- Nazwa osobowa (NP)
- Fisiak, Jacek
-
- d
- Daty biograficzne (NP)
- (1936-2019).
-
- e
- Określenie rodzaju współpracy
- Red.
-
|
|
700 -Hasło dodatkowe - nazwa osobowa [1, ]
|
-
- a
- Nazwa osobowa (NP)
- Piotrowski, Tadeusz
-
- d
- Daty biograficzne (NP)
- (1957- ).
-
- e
- Określenie rodzaju współpracy
- Red.
-
|
|
700 -Hasło dodatkowe - nazwa osobowa [1, ]
|
-
- a
- Nazwa osobowa (NP)
- Beręsewicz, Paweł
-
- d
- Daty biograficzne (NP)
- (1970- ).
-
|
|
700 -Hasło dodatkowe - nazwa osobowa [1, ]
|
-
- a
- Nazwa osobowa (NP)
- Anioł, Bożena.
-
- e
- Określenie rodzaju współpracy
- Tł.
-
|
|
710 -Hasło dodatkowe - nazwa ciała zbiorowego [2, ]
|
-
- a
- Nazwa ciała zbiorowego lub nazwa geograficzna jako pierwszy element (NP)
- Wydawnictwo Naukowe PWN.
-
-
|